PSYCHOPATHOLOGY: A COMPETENCY-BASED ASSESSMENT MODEL FOR SOCIAL WORKERS (Record no. 215972)
[ view plain ]
| 000 -LEADER | |
|---|---|
| fixed length control field | 00665nam a22001937a 4500 |
| 008 - FIXED-LENGTH DATA ELEMENTS--GENERAL INFORMATION | |
| fixed length control field | 250729b |||||||| |||| 00| 0 eng d |
| 020 ## - INTERNATIONAL STANDARD BOOK NUMBER | |
| International Standard Book Number | 978-0-8400-2915-7 |
| 050 ## - LIBRARY OF CONGRESS CALL NUMBER | |
| Classification number | RC 469 .G73 2013 |
| 100 ## - MAIN ENTRY--PERSONAL NAME | |
| Personal name | GRAY, SUSAN W. |
| 245 ## - TITLE STATEMENT | |
| Title | PSYCHOPATHOLOGY: A COMPETENCY-BASED ASSESSMENT MODEL FOR SOCIAL WORKERS |
| 250 ## - EDITION STATEMENT | |
| Edition statement | 3 |
| 260 ## - PUBLICATION, DISTRIBUTION, ETC. | |
| Place of publication, distribution, etc. | BELMONT, CA |
| Name of publisher, distributor, etc. | BROOKS/COLE, CENGAGE LEARNING |
| Date of publication, distribution, etc. | 2013 |
| 300 ## - PHYSICAL DESCRIPTION | |
| Extent | XX, 460 P.: ILL |
| 500 ## - GENERAL NOTE | |
| General note | INCLUDES BIBLIOGRAPHICAL REFERENCES AND INDEX |
| 650 ## - SUBJECT ADDED ENTRY | |
| Topical term or geographic name entry element | 1. MENTAL ILLNESS--TREATMENT 2. PSYCHOLOGY, PATHOLOGICAL 3. PSYCHIATRIC SOCIAL WORK |
| 700 ## - ADDED ENTRY--PERSONAL NAME | |
| Personal name | ZIDE, MARILYN R. |
| 942 ## - ADDED ENTRY ELEMENTS (KOHA) | |
| Source of classification or shelving scheme | Library of Congress Classification |
| Koha item type | Long Loan Book |
| Withdrawn status | Lost status | Source of classification or shelving scheme | Damaged status | Not for loan | Collection | Home library | Current library | Shelving location | Date acquired | Inventory number | Total checkouts | Full call number | Barcode | Date last seen | Copy number | Price effective from | Koha item type |
|---|---|---|---|---|---|---|---|---|---|---|---|---|---|---|---|---|---|
| Library of Congress Classification | Medicine | Kisii University Library | Kisii University Library | On Display | 07/29/2025 | 109378 | RC 480.5 .G73 2013 | 000000024393 | 07/29/2025 | 2 | 07/29/2025 | Long Loan Book | |||||
| Library of Congress Classification | Medicine | Kisii University Library | Kisii University Library | On Display | 07/29/2025 | 109379 | RC 480.5 .G73 2013 | 000000024392 | 07/29/2025 | 3 | 07/29/2025 | Long Loan Book | |||||
| Library of Congress Classification | Medicine | Kisii University Library | Kisii University Library | On Display | 07/29/2025 | 109380 | RC 480.5 .G73 2013 | 000000024391 | 07/29/2025 | 4 | 07/29/2025 | Long Loan Book | |||||
| Library of Congress Classification | Medicine | Kisii University Library | Kisii University Library | On Display | 07/29/2025 | 109381 | RC 480.5 .G73 2013 | 000000024390 | 07/29/2025 | 5 | 07/29/2025 | Long Loan Book | |||||
| Library of Congress Classification | Medicine | Kisii University Library | Kisii University Library | On Display | 02/06/2026 | 109159 | RC 480.5 .G73 2013 | 000000002865 | 02/06/2026 | 1 | 02/06/2026 | Long Loan Book |